Wszyscy zdobywcy Golden Boy Award - Statystyki

Ogólne statystyki
  • Ten quiz został rozwiązany 141 razy
    108 od ostatniego zresetowania
  • Średni wynik to 13 z 20
Statystyki odpowiedzi
rok Zawodnik Narodowość Klub Pozycja % Poprawnych
2021 Pedri Hiszpania FC Barcelona pomocnik
94%
2017 Kylian Mbappe Francja Monaco / PSG napastnik
93%
2022 Gavi Hiszpania FC Barcelona pomocnik
91%
2020 Erling Haaland Norwegia Borussia Dortmund napastnik
90%
2005 Lionel Messi Argentyna FC Barcelona skrzydłowy
89%
2019 Joao Felix Portugalia Benfica / Atletico Madryt skrzydłowy
87%
2013 Paul Pogba Francja Juventus pomocnik
76%
2018 Matthijs de Ligt Holandia AFC Ajax obrońca
73%
2016 Renato Sanches Portugalia Benfica / Bayern pomocnik
67%
2015 Anthony Martial Francja Monaco / Manchester United skrzydłowy
64%
2004 Wayne Rooney Anglia Manchester United napastnik
64%
2010 Mario Balotelli Włochy Inter / Manchester City napastnik
61%
2011 Mario Gotze Niemcy Borussia Dortmund pomocnik
55%
2014 Raheem Sterling Anglia Liverpool skrzydłowy
55%
2007 Sergio Aguero Argentyna Atetico Madryt napastnik
54%
2012 Isco Hiszpania Malaga pomocnik
47%
2009 Alexandre Pato Brazylia AC Milan napastnik
46%
2006 Cesc Fabregas Hiszpania Arsenal pomocnik
46%
2008 Anderson Brazylia Manchester United pomocnik
29%
2003 Rafael van der Vaart Holandia AFC Ajax pomocnik
20%
Nie znaleziono quizów pasujących do podanych kryteriów
Rozkład punktacji
Procent ludzi z każdym wynikiem
Percentyl według liczby udzielonych odpowiedzi
Twoja historia wyników
Nie rozwiązałeś tego quizu od ostatniego zresetowania